[Event "Bohumin op 2nd"]
[Site "Bohumin"]
[Date "2019.06.30"]
[Round "9"]
[White "Cvik, Stepan"]
[Black "Gardian, Adam"]
[Result "1/2-1/2"]
[WhiteElo "1885"]
[BlackElo "1747"]
[PlyCount "99"]
[EventDate "2019.06.22"]
[EventType "swiss"]
[EventRounds "9"]
[EventCountry "CZE"]
[SourceTitle "CBM 191 Extra"]
[Source "ChessBase"]
[SourceDate "2019.09.30"]
[SourceVersion "1"]
[SourceVersionDate "2019.09.30"]
[SourceQuality "1"]

1. d4 Nf6 2. c4 g6 3. Nc3 Bg7 4. e4 d6 5. Bg5 h6 6. Be3 Nc6 7. h3 e5 8. d5 Ne7 9. Qd2 Nd7 10. g4 a5 11. Bd3 Nc5 12. Bc2 Bd7 13. Nge2 Nc8 14. Ng3 Nb6 15. b3 Qe7 16. Nb5 Bxb5 17. cxb5 Qh4 18. 0-0-0 Nbd7 19. Kb1 b6 20. a4 0-0-0 21. b4 Nb7 22. Rc1 Bf6 23. bxa5 Nxa5 24. Ne2 Bg5 25. Bxg5 Qxg5 26. Qxg5 hxg5 27. Kb2 Rh4 28. Rh2 Rdh8 29. Rch1 Nf6 30. f3 Nb7 31. Kc3 Nd7 32. Nc1 Ndc5 33. Na2 Kd7 34. Kb4 Ra8 35. Nc3 Ra5 36. Nd1 Ra8 37. Ne3 Rah8 38. Kc3 Na5 39. Bd1 Nab7 40. Ng2 R4h7 41. Ne1 Ra8 42. Kb4 Rah8 43. Be2 Ra8 44. Bd1 Rah8 45. Kc4 Ra8 46. Kb4 Rah8 47. Bc2 Rh6 48. Ng2 Na5 49. Ne3 Ke7 50. Ng2 1/2-1/2

[Event "Bohumin op 1st"]
[Site "Bohumin"]
[Date "2018.05.26"]
[Round "7"]
[White "Cvik, Stepan"]
[Black "Ursnik, Patryk"]
[Result "1-0"]
[WhiteElo "1799"]
[BlackElo "1554"]
[PlyCount "57"]
[EventDate "2018.05.20"]
[EventType "swiss"]
[EventRounds "8"]
[EventCountry "CZE"]
[SourceTitle "CBM 184 Extra"]
[Source "ChessBase"]
[SourceDate "2018.06.28"]
[SourceVersion "1"]
[SourceVersionDate "2018.06.28"]
[SourceQuality "1"]

1. d4 d5 2. c4 c6 3. cxd5 cxd5 4. Nc3 e6 5. Nf3 Bb4 6. Bd2 Nc6 7. e3 Nf6 8. Bd3 0-0 9. 0-0 Re8 10. Qc2 h6 11. a3 Bd6 12. Rad1 a6 13. e4 dxe4 14. Nxe4 Nxe4 15. Bxe4 Nxd4 16. Nxd4 f5 17. Bf3 Qh4 18. g3 Qxd4 19. Bb4 Qf6 20. Rxd6 g5 21. Re1 Qf7 22. Qd2 Rb8 23. Rd8 b5 24. Rxe8+ Qxe8 25. Qd6 Bb7 26. Bxb7 Rxb7 27. Rxe6 Qh5 28. Qf8+ Kh7 29. Qxf5+ 1-0

[Event "Orlova op 14th"]
[Site "Orlova"]
[Date "2017.05.28"]
[Round "9"]
[White "Sieber, Martin"]
[Black "Cvik, Stepan"]
[Result "1-0"]
[WhiteElo "2087"]
[BlackElo "1799"]
[PlyCount "39"]
[EventDate "2017.05.20"]
[EventType "swiss"]
[EventRounds "9"]
[EventCountry "CZE"]
[SourceTitle "CBM 178 Extra"]
[Source "ChessBase"]
[SourceDate "2017.06.22"]
[SourceVersion "1"]
[SourceVersionDate "2017.06.22"]
[SourceQuality "1"]

1. d4 Nf6 2. Nf3 e6 3. c4 Bb4+ 4. Bd2 Qe7 5. a3 Bxd2+ 6. Nbxd2 d5 7. e3 0-0 8. Rc1 Nc6 9. cxd5 exd5 10. Bd3 Bg4 11. 0-0 Nd8 12. Qc2 c6 13. Rfe1 Ne6 14. Ne5 Bh5 15. f4 g5 16. f5 Nc7 17. e4 dxe4 18. Nxe4 g4 19. Qc5 Nfd5 20. Qxe7 1-0

[Event "Orlova op 14th"]
[Site "Orlova"]
[Date "2017.05.27"]
[Round "8"]
[White "Cvik, Stepan"]
[Black "Kubiniok, Stanislaw"]
[Result "1-0"]
[WhiteElo "1799"]
[BlackElo "1414"]
[PlyCount "81"]
[EventDate "2017.05.20"]
[EventType "swiss"]
[EventRounds "9"]
[EventCountry "CZE"]
[SourceTitle "CBM 178 Extra"]
[Source "ChessBase"]
[SourceDate "2017.06.22"]
[SourceVersion "1"]
[SourceVersionDate "2017.06.22"]
[SourceQuality "1"]

1. e4 c6 2. d4 d5 3. f3 dxe4 4. fxe4 Nf6 5. Nc3 Bg4 6. Nf3 e6 7. a3 Be7 8. Be3 h6 9. Qd2 Bh5 10. 0-0-0 0-0 11. Kb1 b5 12. d5 b4 13. axb4 Bxb4 14. dxe6 Qxd2 15. exf7+ Bxf7 16. Nxd2 Bg6 17. Bd4 c5 18. Bc4+ Bf7 19. Bxf7+ Rxf7 20. Bxf6 Rxf6 21. Nd5 Re6 22. Nc7 Rc6 23. Nxa8 Rc8 24. c3 Ba5 25. Nc4 Bd8 26. Nd6 Rc6 27. Nf5 Rc8 28. Rxd8+ Rxd8 29. Nc7 Nc6 30. Nd5 Re8 31. Re1 Ne5 32. Nfe7+ Kh7 33. Rf1 Rb8 34. Kc2 c4 35. Nb4 Rb7 36. Nec6 Ng4 37. Nd5 Rd7 38. h3 Rxd5 39. exd5 Ne3+ 40. Kc1 Nxf1 41. d6 1-0

[Event "Orlova op 14th"]
[Site "Orlova"]
[Date "2017.05.23"]
[Round "4"]
[White "Trombik, Karel"]
[Black "Cvik, Stepan"]
[Result "1-0"]
[WhiteElo "2060"]
[BlackElo "1799"]
[PlyCount "65"]
[EventDate "2017.05.20"]
[EventType "swiss"]
[EventRounds "9"]
[EventCountry "CZE"]
[SourceTitle "CBM 178 Extra"]
[Source "ChessBase"]
[SourceDate "2017.06.22"]
[SourceVersion "1"]
[SourceVersionDate "2017.06.22"]
[SourceQuality "1"]

1. d4 d6 2. Nf3 Bg4 3. e3 Nd7 4. Be2 Ngf6 5. 0-0 c5 6. c4 g6 7. Nc3 Bg7 8. h3 Bxf3 9. Bxf3 Qc8 10. d5 0-0 11. e4 a6 12. a4 Ne8 13. Be2 Bd4 14. Kh1 Ng7 15. Bh6 f5 16. exf5 Rxf5 17. Bg4 Ne5 18. Bxg7 Kxg7 19. Bxf5 Qxf5 20. Qe2 Qf4 21. Ne4 Rf8 22. Rae1 h5 23. f3 h4 24. b3 Nf7 25. Qd2 Qxd2 26. Nxd2 Bc3 27. Re2 Nh6 28. Ne4 Be5 29. Nxc5 Nf5 30. Ne6+ Kf7 31. Rxe5 Ng3+ 32. Kg1 Nxf1 33. Re4 1-0

[Event "Orlova op 14th"]
[Site "Orlova"]
[Date "2017.05.21"]
[Round "2"]
[White "Czerw, Dawid"]
[Black "Cvik, Stepan"]
[Result "1-0"]
[WhiteElo "2176"]
[BlackElo "1799"]
[PlyCount "81"]
[EventDate "2017.05.20"]
[EventType "swiss"]
[EventRounds "9"]
[EventCountry "CZE"]
[SourceTitle "CBM 178 Extra"]
[Source "ChessBase"]
[SourceDate "2017.06.22"]
[SourceVersion "1"]
[SourceVersionDate "2017.06.22"]
[SourceQuality "1"]

1. d4 Nf6 2. c4 e5 3. dxe5 Ne4 4. Nf3 Bb4+ 5. Nbd2 Nc6 6. a3 Bxd2+ 7. Nxd2 Nxd2 8. Bxd2 Nxe5 9. Bc3 d6 10. e3 Qe7 11. Be2 0-0 12. 0-0 Rd8 13. Qd4 f6 14. e4 Be6 15. b3 a5 16. a4 Re8 17. Qd2 Nc6 18. Bd3 Bf7 19. Rae1 b6 20. Bc2 Nd8 21. f4 Nc6 22. Kh1 Rad8 23. g4 Nb4 24. Bxb4 axb4 25. Qxb4 Bg6 26. Qd2 Qd7 27. f5 Bf7 28. g5 Qe7 29. h4 Qe5 30. gxf6 gxf6 31. Qf4 Qc3 32. Rg1+ Kf8 33. Bd1 Qh3+ 34. Qh2 Qxh2+ 35. Kxh2 Ke7 36. Rg7 Rh8 37. Bh5 Rdf8 38. a5 bxa5 39. Ra1 Ke8 40. Rxa5 Bxh5 41. Ra8# 1-0

[Event "Orlova op 13th"]
[Site "Orlova"]
[Date "2016.05.27"]
[Round "7"]
[White "Cvik, Stepan"]
[Black "Szotkowski, David"]
[Result "1/2-1/2"]
[WhiteElo "1793"]
[BlackElo "1587"]
[PlyCount "91"]
[EventDate "2016.05.21"]
[EventType "swiss"]
[EventRounds "9"]
[EventCountry "CZE"]
[SourceTitle "EXT 2017"]
[Source "ChessBase"]
[SourceDate "2016.10.25"]
[SourceVersion "1"]
[SourceVersionDate "2016.10.25"]
[SourceQuality "1"]

1. d4 Nf6 2. c4 c5 3. d5 b5 4. cxb5 a6 5. bxa6 g6 6. Nc3 Bxa6 7. Nf3 Bg7 8. e4 Bxf1 9. Kxf1 d6 10. g3 0-0 11. Kg2 Nbd7 12. a4 Ra6 13. Qc2 Qa8 14. Ra3 e6 15. dxe6 fxe6 16. Rd1 d5 17. exd5 exd5 18. Nb5 Qc6 19. Re1 Ne4 20. Rxe4 dxe4 21. Qc4+ Kh8 22. Ng5 e3+ 23. f3 Ne5 24. Qe4 Qxe4 25. Nxe4 Nc4 26. Nxc5 Nxa3 27. Nxa6 Nxb5 28. axb5 Bd4 29. Nb4 Re8 30. Nc2 Bb6 31. Kf1 e2+ 32. Ke1 Rc8 33. Be3 Bxe3 34. Nxe3 Rb8 35. Kxe2 Rxb5 36. Nc4 Kg7 37. Kd3 Kf6 38. Kc3 Ke6 39. b4 g5 40. Nd2 Kd5 41. Nf1 Rb8 42. Ne3+ Ke5 43. Nc4+ Kd5 44. Ne3+ Ke5 45. Ng4+ Kd6 46. Nf6 1/2-1/2

[Event "Orlova op 13th"]
[Site "Orlova"]
[Date "2016.05.25"]
[Round "5"]
[White "Cvik, Stepan"]
[Black "Walica, Roman"]
[Result "0-1"]
[WhiteElo "1793"]
[BlackElo "2038"]
[PlyCount "110"]
[EventDate "2016.05.21"]
[EventType "swiss"]
[EventRounds "9"]
[EventCountry "CZE"]
[SourceTitle "EXT 2017"]
[Source "ChessBase"]
[SourceDate "2016.10.25"]
[SourceVersion "1"]
[SourceVersionDate "2016.10.25"]
[SourceQuality "1"]

1. d4 Nf6 2. c4 e5 3. dxe5 Ng4 4. Nf3 Nc6 5. Nc3 Bb4 6. Qb3 Qe7 7. a3 Ba5 8. Bf4 Ngxe5 9. Bxe5 Nxe5 10. Nxe5 Qxe5 11. e3 b6 12. 0-0-0 Bxc3 13. Qxc3 Qxc3+ 14. bxc3 d6 15. Be2 Bb7 16. Rhg1 Ke7 17. h4 Rad8 18. Kc2 Rhe8 19. Rd4 Kf8 20. g3 Re5 21. Bf1 Rf5 22. Rd2 Re8 23. Bg2 Bxg2 24. Rxg2 Rf3 25. Rd5 Re6 26. a4 Ref6 27. Rd2 Ke7 28. Kd3 Ke6 29. Rh2 R3f5 30. f4 Ra5 31. g4 Kd7 32. Ra2 d5 33. cxd5 Rxd5+ 34. Kc4 Rfd6 35. Rhe2 Rd1 36. a5 Kc6 37. axb6 axb6 38. Ra8 Rg1 39. g5 Rh1 40. Kb3 Rxh4 41. Rg8 g6 42. Rf8 Rd7 43. Kc2 h6 44. gxh6 Rxh6 45. Rd2 Re7 46. Kd3 Rh3 47. Re2 Kc5 48. Rd8 Rg3 49. Rd4 Kc6 50. Rc4+ Kd5 51. Rd4+ Ke6 52. Re4+ Kf6 53. Rb2 Rg1 54. Rd4 Rd1+ 55. Kc4 Re1 0-1

[Event "Ostrava Konik op"]
[Site "Ostrava"]
[Date "2014.04.30"]
[Round "5"]
[White "Muller, Leo"]
[Black "Cvik, Stepan"]
[Result "0-1"]
[WhiteElo "1873"]
[BlackElo "1723"]
[PlyCount "104"]
[EventDate "2014.04.26"]
[EventType "swiss"]
[EventRounds "9"]
[EventCountry "CZE"]
[SourceTitle "CBM 160 Extra"]
[Source "ChessBase"]
[SourceDate "2014.07.01"]
[SourceVersion "1"]
[SourceVersionDate "2014.07.01"]
[SourceQuality "1"]

1. c4 Nf6 2. Nc3 g6 3. d4 d5 4. cxd5 Nxd5 5. e4 Nxc3 6. bxc3 Bg7 7. Bg5 0-0 8. Bc4 c5 9. Ne2 cxd4 10. cxd4 Nc6 11. Bd5 Qa5+ 12. Bd2 Qa6 13. Bc3 Bd7 14. Qd2 Rac8 15. Rb1 e6 16. Bb3 Rfd8 17. 0-0 b6 18. f4 Na5 19. Bd1 Nc4 20. Qd3 Ba4 21. Bxa4 Qxa4 22. Rb4 Qc6 23. f5 exf5 24. exf5 Re8 25. d5 Qc5+ 26. Nd4 Re3 27. Rxc4 Rxd3 28. Rxc5 Bxd4+ 29. Bxd4 bxc5 30. Ba1 Rxd5 31. f6 c4 32. Bc3 Rd3 33. Rc1 h6 34. Kf2 a6 35. Rc2 g5 36. g3 Rc6 37. Kg2 Kh7 38. Kh3 Kg6 39. a4 Re6 40. Bb2 c3 41. Rxc3 Rxc3 42. Bxc3 Re4 43. a5 Rc4 44. Be1 Rc6 45. Bf2 Kxf6 46. Bb6 Re6 47. Kg4 h5+ 48. Kf3 Kf5 49. Bd8 g4+ 50. Kf2 Re4 51. Bb6 Ra4 52. Ke3 Ke5 0-1

[Event "Ostrava Konik op"]
[Site "Ostrava"]
[Date "2014.04.29"]
[Round "4"]
[White "Cvik, Stepan"]
[Black "Petrov, Nikolaj"]
[Result "1-0"]
[WhiteElo "1723"]
[BlackElo "1777"]
[PlyCount "139"]
[EventDate "2014.04.26"]
[EventType "swiss"]
[EventRounds "9"]
[EventCountry "CZE"]
[SourceTitle "CBM 160 Extra"]
[Source "ChessBase"]
[SourceDate "2014.07.01"]
[SourceVersion "1"]
[SourceVersionDate "2014.07.01"]
[SourceQuality "1"]

1. d4 d5 2. c4 c6 3. Nf3 Nf6 4. Nc3 g6 5. Bf4 Bg7 6. e3 Bg4 7. h3 Bxf3 8. Qxf3 0-0 9. Rc1 a5 10. cxd5 cxd5 11. Bb5 Nc6 12. Bxc6 bxc6 13. Na4 Ne4 14. Qe2 Rc8 15. 0-0 Re8 16. Qa6 c5 17. f3 g5 18. Bh2 Nd2 19. Rfd1 Nc4 20. dxc5 Nxe3 21. Rd3 d4 22. Nb6 Rc6 23. Qb7 Rxb6 24. cxb6 e5 25. Qc7 Qd5 26. Qc6 Rb8 27. Qxd5 Nxd5 28. Rxd4 Nxb6 29. Re4 Nd7 30. b3 f6 31. Kf1 Bf8 32. Bg1 Bb4 33. Rec4 Kf7 34. Ke2 Ke6 35. Rd1 Rb7 36. g4 Nf8 37. Rc6+ Kf7 38. Be3 Ne6 39. Rd5 h6 40. Kd3 Ke7 41. Ke4 Nc7 42. Rd1 Nb5 43. Bc5+ Bxc5 44. Rxc5 Ke6 45. Rc6+ Ke7 46. Rd3 Nd4 47. Ra6 Rb4 48. a3 Rb5 49. a4 Rc5 50. Rxd4 exd4 51. Kxd4 Re5 52. Rb6 Re1 53. Rb5 Rd1+ 54. Ke4 Re1+ 55. Kf5 Rf1 56. Ke4 Rb1 57. Kd3 Kd6 58. Kc2 Rf1 59. Rf5 Ke6 60. Kd3 Rb1 61. Kc4 Rc1+ 62. Kb5 Rc3 63. Kxa5 Rxb3 64. Ka6 h5 65. Ka7 hxg4 66. hxg4 Ra3 67. a5 Ra4 68. a6 Ra3 69. Kb6 Ra4 70. Rc5 1-0

[Event "Ostrava Konik op-B"]
[Site "Ostrava"]
[Date "2012.05.02"]
[Round "5"]
[White "Skockova, Katerina"]
[Black "Cvik, Stepan"]
[Result "1-0"]
[WhiteElo "1760"]
[BlackElo "1707"]
[PlyCount "83"]
[EventDate "2012.04.28"]
[EventType "swiss"]
[EventRounds "9"]
[EventCountry "CZE"]
[SourceTitle "CBM 148 Extra"]
[Source "ChessBase"]
[SourceDate "2012.06.22"]
[SourceVersion "1"]
[SourceVersionDate "2012.06.22"]
[SourceQuality "1"]

1. e4 c6 2. d4 d5 3. exd5 cxd5 4. Nf3 Nf6 5. Bd3 Bg4 6. c3 e6 7. Bf4 Be7 8. Nbd2 Nc6 9. Qb3 Qc8 10. Ne5 Nxe5 11. Bxe5 0-0 12. Qc2 g6 13. h3 Bf5 14. g4 Bxd3 15. Qxd3 Nd7 16. Bg3 Nb6 17. f4 Nc4 18. 0-0-0 Qc6 19. Nxc4 Qxc4 20. Qxc4 dxc4 21. Rhe1 Rfe8 22. d5 exd5 23. Rxd5 Bf8 24. Rxe8 Rxe8 25. Kd2 Be7 26. Rd7 Rd8 27. Rxd8+ Bxd8 28. Ke3 Bc7 29. Be1 f5 30. Bd2 Bb6+ 31. Kf3 Kf7 32. gxf5 gxf5 33. Be3 Bxe3 34. Kxe3 Kg6 35. Kd4 b5 36. b3 cxb3 37. axb3 a5 38. Kc5 a4 39. bxa4 bxa4 40. Kb4 a3 41. Kxa3 Kf6 42. Kb4 1-0